000 00698cam a22002292 4500
001 0000009502
005 20151217152056.0
008 081031s xx 000 0 eng d
020 _a1853599545 :
_cKES 3960
040 _aKABU
_cKABU
100 1 _aCao, Deborah.
_@0000161034
245 1 0 _aTranslating law.
260 _aClevedon :
_bMultilingual Matters,
_c2007.
300 _axii, 189 p.
650 0 _aLaw
_xTranslating.
_@0000161035
650 0 _aLaw
_xLanguage.
_@0000161036
650 0 _aLaw
_xInterpretation and construction.
_@0000161037
852 1 _9p3950 KES
908 _a081031
950 _@1
999 _c7933
_d7933